Normal view
MARC view
- Raizada Divya - 2k121121; Prof.Suvarna Dhamdhere - Guide & [Company Name] - City Corporation Limited,Pune
Entry Personal Name
001 - CONTROL NUMBER
- control field: 102913
003 - CONTROL NUMBER IDENTIFIER
- control field: OSt
005 - DATE AND TIME OF LATEST TRANSACTION
- control field: 20221007220256.0
008 - FIXED-LENGTH DATA ELEMENTS
- fixed length control field: 221007|| aca||aabn | a|a d
040 ## - CATALOGING SOURCE
- Original cataloging agency: OSt
- Transcribing agency: OSt
100 ## - HEADING--PERSONAL NAME
- Personal name: Raizada Divya - 2k121121; Prof.Suvarna Dhamdhere - Guide & [Company Name] - City Corporation Limited,Pune
670 ## - SOURCE DATA FOUND
- Source citation: Work cat.: (OSt)71812: Raizada Divya - 2k121121; Prof.Suvarna Dhamdhere - Guide & [Company Name] - City Corporation Limited,Pune., A Project Report On Financial Analysis Of City Corporation limited Using Ratio Analysis Tool, 2014